Представление документа в формате RUSMARC

ПолеНазваниеЗначение
  Тип записи a
  Библиографический уровень m
001 Контрольный номер RU/REG73/CBS_GRAD/8da032f5ad624903b1ec670e2aec1381
005 Дата корректировки 20250530094522.0
010 Индекс ISBN __
9 Тираж 1300 экз.
100 Данные общей обработки __
a Данные общей обработки 20231128a20230418m##c0rusy0189 ca
101 Язык документа 0_
a Язык текста rus
102 Страна публикации __
a Страна публикации RU
105 Кодированные данные (монография) __
a Кодированные данные (монография)
200 Заглавие и сведения об ответственности 1_
a Заглавие № 2 (101)
203 Вид содержания и тип средства __
a Вид содержания Текст
b Характеристика содержания визуальный
c Тип средства непосредственный
210 Выходные данные 1_
d Дата издания 2023
461 Уровень набора _0
1 2001
a Симбирскъ
e Литературно-художественный и культурно-просветительский журнал
b Текст
v № 2 (101)
1 2101
a Ульяновск
d 2014-
1 001RU/REG73/CBS_GRAD2/669904317
1 300
a Выходит раз в два месяца
1 333
a 12+
801 Источник записи _0
a Страна RU
b Организация RuCBSGrad
c Дата составления 20231128
g Правила каталогизации RCR
801 Источник записи _1
a Страна RU
b Организация RuCBSGrad
c Дата составления 20231128
g Правила каталогизации RCR
852 Данные о местонахождении __
a Наименование организации МБУК ЦБС г. Димитровграда"
m Каталогизатор Тенигина
901 Тип документа __
t Тип документа s
w Контрольный № источника RU/REG73/CBS_GRAD2/669904317
909 Создатель записи __
a Создатель записи Тенигина